000 00547nam a2200181 i 4500
001 24998
003 ES-MaACL
005 20250717070753.0
007 t|
008 021219s1933 sp ||||1| spa d
100 1 _aApraiz y Arias, Félix.
_922125
245 1 0 _aTratado de electricidad y de sus aplicaciones /
_cpor Félix Apraiz Arias.
260 _aBarcelona :
_b[s.n.],
_c1933 (
_fImp. de A. Ortega)
300 _a194 p. ;
_c22 cm.
650 0 7 _aElectricidad
_2embne
_912159
852 _aES-MaACL
_jA-4816
_bR.16778
999 _c24998
_d24998